Words starting with "snow" - Statistics

General Stats
  • This quiz has been taken 12 times
  • The average score is 4 of 10
Answer Stats
Hint Answer % Correct
type of transport snowmobile
82%
type of footwear snowshoe
82%
winter sport, similar to skiing snowboarding
73%
sculpture of a person snowman
55%
a sphere (or a festive cocktail) snowball
45%
accumulated pile of precipitation snowbank
36%
inflatable ring activity snowtubing
27%
inedible plant snowberry
18%
vehicle snowplough
18%
boundary made due to snowfall snowline
9%
No matching quizzes found
Score Distribution
Percent of People with Each Score
Percentile by Number Answered
Your Score History
You have not taken this quiz